Probuzení /
Akční fantastika ze série příběhů o nesmrtelných Vládcích temnoty. Vampýr „Jack“ se po čtyřech staletích strávených v pohřební kryptě dostane na svobodu ve zbídačeném stavu a je hospitalizován ve Frankensteinově křídle Albusovy kliniky. Musí však skrývat nejen svou identitu, ale i telepatické schopn...
Uloženo v:
| Hlavní autor: | |
|---|---|
| Médium: | E-kniha |
| Jazyk: | Czech |
| Vydáno: |
Praha :
E-knihy jedou,
2021
|
| Tagy: |
Žádné tagy |
| LEADER | 02111nam a22002297i 4500 | ||
|---|---|---|---|
| 001 | 311428 | ||
| 007 | ta | ||
| 008 | 260601s2021 xr ||||| |||| 00| 0 cze d | ||
| 020 | |a 9990003364180 | ||
| 044 | |a xr | ||
| 100 | 1 | |a Hohenberger, Martina |4 aut | |
| 245 | 1 | 0 | |a Probuzení / |c Hohenberger, Martina |
| 264 | 1 | |a Praha : |b E-knihy jedou, |c 2021 | |
| 300 | |a 1 online zdroj (61 stran) | ||
| 336 | |a text |b txt |2 rdacontent | ||
| 337 | |a bez média |b n |2 rdamedia | ||
| 338 | |a online zdroj |b cr |2 rdacarrier | ||
| 520 | 2 | |a Akční fantastika ze série příběhů o nesmrtelných Vládcích temnoty. Vampýr „Jack“ se po čtyřech staletích strávených v pohřební kryptě dostane na svobodu ve zbídačeném stavu a je hospitalizován ve Frankensteinově křídle Albusovy kliniky. Musí však skrývat nejen svou identitu, ale i telepatické schopnosti, poněvadž hrozí, že by ho mohl nejvyšší magistr Rady klanů O’Brien odhalit a nechat zlikvidovat. „Jack“ je totiž jedním z důstojníků Stínové armády, kteří svého času usilovali o získání vlády nad světem a byli noční rasou uvězněni za komplot se skromným cílem vyhubit lidstvo. Ovšem jinak je „Jack“ sympatický chlapík, jenž se potýká se strastmi pobytu v nemocnici. Jakmile na „Jacka“ nastoupí fyzioterapeutka Ivanka, vrchní sestra Šavlozubá alias Godzilla a cvokař MUDr. Horák, je o zábavu postaráno. „Jack“ se skamarádí s Jarouškem, vychrtlým lapiduchem mdlého zjevu, a nechává se unést hřejivými pocity přátelství, obzvláště když se spolu dělí o obří joint. Podaří se „Jackovi“ uniknout ze spárů magistra a jeho elitní ochranky? | |
| 910 | |a RBIT002 | ||
| 998 | |d 336418 |a https://core.palmknihy.cz/api/books/336418/cover?r0785l |b https://core.palmknihy.cz/api/books/336418/cover/400?r0785l |c https://core.palmknihy.cz/api/books/336418/cover/50?r0785l |e |g 61 |i 9990003364180 |j https://core.palmknihy.cz/api/books/336418/preview.epub |k https://core.palmknihy.cz/api/books/336418/preview.pdf |l |q 49 |r 1 |s https://www.palmknihy.cz/kniha/336418 |t ebook |y 2021 |z 1 | ||
| 999 | |d 311426 | ||